| 000 | 00530nam a2200157 i 4500 | ||
|---|---|---|---|
| 001 | 190143 | ||
| 003 | ES-MaACL | ||
| 005 | 20230906223642.0 | ||
| 008 | 200902s1879 fr |||| | spa d | ||
| 110 | 2 |
_aUnión Latino-Americana. _9170242 |
|
| 245 | 1 | 0 |
_aUnión Latino-Americana _b: objeto y principios, estatutos, primer pacto de la sociedad. |
| 260 |
_a[S.l.] : _b[s.n.], _c1879 ( _eParis : _fImp. Hispano-Americana) |
||
| 300 |
_a40 p. ; _c22 cm. |
||
| 610 | 2 | 4 |
_aUnión Latino-Americana. _9170242 |
| 852 |
_aES-MaACL _jT-340-F-7 |
||
| 999 |
_c190143 _d190143 |
||